000 01095nam a22003017i 4500
003 DO-SdBNP
005 20250423134814.0
007 ta
008 220520b2014 dr ||||| |||| 00| 0 spa d
040 _aDO-SdBNP
_bspa
_cBNPHU
_erda
041 _aspa
082 4 _a323.445
_bR426L
_222
110 1 _aRepública Dominicana. (Leyes, etc.)
_9447
240 0 0 _aLeyes, etc.
245 1 0 _aLey general de libre acceso a la información pública :
_bno. 200-04 y el decreto No. 130-05 que aprueba su reglamento de aplicación
264 _aSanto Domingo :
_bDirección General de Ética e Integridad Gubernamental,
_c2014.
300 _a67 páginas ;
_c21 cm.
336 _atexto
_btxt
_2rdaconten.
337 _asin mediación
_bn
_2rdamedia
338 _avolumen
_bnc
_2rdacarrier
590 _aInventariado, 2025/ LP
650 4 _aDerechos civiles
_xLegislación
_zRepública Dominicana
_967938
650 4 _aLey No. 200-04
_983293
650 4 _aLibertad de información
_xLegislación
_zRepública Dominicana
_983263
710 1 _aRepública Dominicana
_910038
910 _aLP
942 _2ddc
_cLBS1
999 _c58761
_d58761